Demand Eorecasting Methods Application Cases (Record no. 116936)

MARC details
000 -LEADER
fixed length control field 00317pam a2200133 a 4500
020 ## - INTERNATIONAL STANDARD BOOK NUMBER
Terms of availability
041 ## - LANGUAGE CODE
Language code of original
082 ## - DEWEY DECIMAL CLASSIFICATION NUMBER
Item number RED
100 ## - MAIN ENTRY--PERSONAL NAME
Personal name Reddy, J.M.
245 ## - TITLE STATEMENT
Title Demand Eorecasting Methods Application Cases
Medium Textual Documents
260 ## - PUBLICATION, DISTRIBUTION, ETC.
Place of publication, distribution, etc. New Delhi
Name of publisher, distributor, etc. Light And Life Publishers
300 ## - PHYSICAL DESCRIPTION
Extent 408/CB
930 ## - EQUIVALENCE OR CROSS-REFERENCE-UNIFORM TITLE HEADING [LOCAL, CANADA]
Uniform title 10111
Holdings
Withdrawn status Lost status Damaged status Not for loan Collection Home library Current library Shelving location Date acquired Source of acquisition Cost, normal purchase price Total Checkouts Full call number Barcode Date last seen Copy number Price effective from Koha item type
          Abhijit Kadam Institute of Management & Social Science, Solapur Abhijit Kadam Institute of Management & Social Science, Solapur   01/04/1984 Popular Book House 150.00   RED AKS-M-00934 01/03/2023 1 01/03/2023 Book